<?xml version="1.0" encoding="UTF-8"?><?xml-stylesheet type="text/xsl" href="static/style.xsl"?><OAI-PMH xmlns="http://www.openarchives.org/OAI/2.0/" xmlns:xsi="http://www.w3.org/2001/XMLSchema-instance" xsi:schemaLocation="http://www.openarchives.org/OAI/2.0/ http://www.openarchives.org/OAI/2.0/OAI-PMH.xsd"><responseDate>2026-06-30T04:37:58Z</responseDate><request verb="GetRecord" identifier="oai:riubu.ubu.es:10259/11529" metadataPrefix="marc">https://riubu.ubu.es/oai/request</request><GetRecord><record><header><identifier>oai:riubu.ubu.es:10259/11529</identifier><datestamp>2026-04-21T00:05:38Z</datestamp><setSpec>com_10259_6171</setSpec><setSpec>com_10259_5086</setSpec><setSpec>com_10259_2604</setSpec><setSpec>col_10259_6172</setSpec></header><metadata><record xmlns="http://www.loc.gov/MARC21/slim" xmlns:doc="http://www.lyncode.com/xoai" xmlns:xsi="http://www.w3.org/2001/XMLSchema-instance" xmlns:dcterms="http://purl.org/dc/terms/" xsi:schemaLocation="http://www.loc.gov/MARC21/slim http://www.loc.gov/standards/marcxml/schema/MARC21slim.xsd">
<leader>00925njm 22002777a 4500</leader>
<datafield tag="042" ind1=" " ind2=" ">
<subfield code="a">dc</subfield>
</datafield>
<datafield tag="720" ind1=" " ind2=" ">
<subfield code="a">Adediran, Adeolu</subfield>
<subfield code="e">author</subfield>
</datafield>
<datafield tag="720" ind1=" " ind2=" ">
<subfield code="a">Asaam, Nana</subfield>
<subfield code="e">author</subfield>
</datafield>
<datafield tag="720" ind1=" " ind2=" ">
<subfield code="a">Manso Morato, Javier</subfield>
<subfield code="e">author</subfield>
</datafield>
<datafield tag="720" ind1=" " ind2=" ">
<subfield code="a">Perumal, Priyadharshini</subfield>
<subfield code="e">author</subfield>
</datafield>
<datafield tag="260" ind1=" " ind2=" ">
<subfield code="c">2026-04</subfield>
</datafield>
<datafield tag="520" ind1=" " ind2=" ">
<subfield code="a">Performance and life cycle analysis of composite cement mortars developed using local conventional (blast furnace slag and fly ash) and novel non-conventional (stone wool, glass wool, calcined Finnish clay, volcanic pozzolan Iceland, and ladle slag) raw materials as supplementary cementitious materials (SCMs) was investigated. The SCMs and the prepared mortars were characterized using x-ray diffraction, FTIR, TG-DTG, SEM-EDS, flowability, compressive strength, ultrasonic pulse velocity (UPV), water absorption, permeable porosity, and life cycle analysis (LCA). Experimental results showed a difference in the physical, chemical, and mineralogical composition of the SCMs, which in turn influenced the properties of the composite cement mortars developed. Ladle slag (30 wt.%) as SCM performed better, resulting in mortars with comparable mechanical, UPV, water absorption, permeable porosity, and microstructural properties but lower flowability values compared with reference mortars. In contrast, the use of other SCMs resulted in mortars with slightly lower mechanical properties, increased workability, and higher water absorption and permeable porosity than the reference mortars. The better performance of ladle slag may be attributed to the increased amount of precipitated hydration phases and formation of supplemental pore-filling hydration products, such as C3AH6 and Al (OH)3, attributed to the dissolution and participation of alumina from the SCM in gel formation. LCA results revealed a reduction in the environmental impact of the composite cement mortars (except those containing Finnish clay as SCM) when compared to PC-based mortars.</subfield>
</datafield>
<datafield tag="024" ind2=" " ind1="8">
<subfield code="a">0002-7820</subfield>
</datafield>
<datafield tag="024" ind2=" " ind1="8">
<subfield code="a">https://hdl.handle.net/10259/11529</subfield>
</datafield>
<datafield tag="024" ind2=" " ind1="8">
<subfield code="a">10.1111/jace.70717</subfield>
</datafield>
<datafield tag="024" ind2=" " ind1="8">
<subfield code="a">1551-2916</subfield>
</datafield>
<datafield ind1=" " ind2=" " tag="653">
<subfield code="a">Fresh properties</subfield>
</datafield>
<datafield ind1=" " ind2=" " tag="653">
<subfield code="a">Hardened properties</subfield>
</datafield>
<datafield ind1=" " ind2=" " tag="653">
<subfield code="a">Life cycle analysis</subfield>
</datafield>
<datafield ind1=" " ind2=" " tag="653">
<subfield code="a">Low-carbon composite mortar</subfield>
</datafield>
<datafield ind1=" " ind2=" " tag="653">
<subfield code="a">Nordic countries</subfield>
</datafield>
<datafield ind1=" " ind2=" " tag="653">
<subfield code="a">Supplementary cementitious materials</subfield>
</datafield>
<datafield tag="245" ind1="0" ind2="0">
<subfield code="a">Low‐Carbon Composite Cement Mortar Incorporating Local Raw Materials as SCMs: Performance and Life Cycle Analysis</subfield>
</datafield>
</record></metadata></record></GetRecord></OAI-PMH>